000 00783nam a2200229 a 4500
001 000007416
003 OSt
005 20201207092932.0
008 090908[1989] dr ac 001 spa d
040 _aDO-SdBNP
_bspa
_cBNPHU
082 _axxx
_bL789g
100 1 _aLizardo, Sonia
_920598
245 0 _aGestión financiera y administrativa de la pequeña industria en la República Dominicana /
_cSonia Lizardo ; prólogo Ricardo A. Lora R.
260 _aSanto Domingo, :
_bCENAPEC,
_c[1989].
300 _a155 p. :
_bil., retrs. ;
_c22 cm.
500 _aIncluye datos biográficos
504 _aIncluye notas y datos biográficos a pie de paginas.
590 _aInventariado, 2020/ YL
700 1 _aLora R. , Ricardo A
_epról.
_920599
910 _aYLockward
942 _2ddc
_cLBS1
999 _c7197
_d7197